Teoría de los precios
Guardat en:
| Autor principal: | |
|---|---|
| Format: | Llibre |
| Idioma: | espanyol |
| Publicat: |
Madrid
Alianza
1966
|
| Col·lecció: | Biblioteca de la Ciencia Económica
|
| Matèries: | |
| Etiquetes: |
Afegir etiqueta
Sense etiquetes, Sigues el primer a etiquetar aquest registre!
|
MARC
| LEADER | 00000nam a2200000 a 4500 | ||
|---|---|---|---|
| 001 | UCR7754 | ||
| 003 | CL-VaPUC | ||
| 008 | 980519e19660000SP |||||||||||||||||spa|d | ||
| 082 | 0 | 4 | |a 338.520 |b FRI |2 21 |
| 100 | 0 | |a Friedman, Milton |e author |9 356484 | |
| 245 | 1 | 0 | |a Teoría de los precios |
| 300 | |a 363 p | ||
| 942 | |c BK | ||
| 945 | |d 19980519 00:00:00 |a crobeson | ||
| 260 | |a Madrid |b Alianza |c 1966 | ||
| 650 | 0 | |a Economía |9 255568 | |
| 650 | 0 | |a Precios |9 260787 | |
| 650 | 0 | |a Oferta y demanda |9 255571 | |
| 650 | 0 | |a Producción |9 263680 | |
| 650 | 0 | |a Empresas |9 255569 | |
| 583 | |a last modification |c 19980519 00:00:00 |k Rodrigo Vera | ||
| 490 | 0 | |a Biblioteca de la Ciencia Económica | |
| 999 | |c 269340 |d 269338 | ||
| 952 | |0 0 |1 0 |4 0 |6 338_520000000000000_FRI_1966 |7 0 |8 A |9 303057 |a BIBENE |b BIBENE |d 2019-11-20 |i 1994301 |o 338.520 FRI 1966 |p 1994301 |r 2025-01-15 |w 2019-11-20 |y BK |k ICO | ||
| 952 | |0 0 |1 0 |4 0 |6 338_520000000000000_FRI_1966 |7 0 |8 A |9 303058 |a BIBENE |b BIBENE |d 2019-11-20 |i 199431K |o 338.520 FRI 1966 |p 199431K |r 2025-01-15 |w 2019-11-20 |y BK |k ICO | ||